| 000 | 00000nas 2200000za 4500 |
| 001 | 9.502151 |
| 003 | CaOODSP |
| 005 | 20240108153500 |
| 007 | cr ||||||||||| |
| 008 | 150406c20119999onc|| p o||||f| |0fre|d |
| 040 | |aCaOODSP|bfre |
| 043 | |an-cn--- |
| 086 | 1 |aHP2-16F-PDF |
| 245 | 00|aAgence de la santé publique du Canada, rapport annuel sur la Loi sur l'accès à l'information. |
| 264 | 1|aOttawa : |bAgence de santé publique du Canada, |c2011- |
| 310 | |aAnnuel |
| 362 | 1 |aParaît depuis 2010/2011. |
| 500 | |aPublié aussi en anglais sous le titre : Public Health Agency of Canada annual report - Access to Information Act. |
| 520 | 3 |aVise à décrire comment l’Agence s’est acquittée de ses responsabilités en vertu de la Loi sur l’accès à l’information au cours de l’exercice. |
| 710 | 2 |aAgence de santé publique du Canada, |eorganisme de publication. |
| 775 | 08|tPublic Health Agency of Canada annual report - Access to Information Act |w(CaOODSP)9.505746 |
| 776 | 0#|tPublic Health Agency of Canada annual report on the Access to Information Act |w(CaOODSP)9.511686 |
| 776 | 0#|tAgence de la santé publique du Canada, rapport annuel sur la Loi sur l'accès a l'information |w(CaOODSP)9.511687 |